00875nam a2200241 a 450000100060000000300090000600800410001502000150005604000280007110000180009924501160011726000460023330000170027949000450029665000330034165000240037465000370039865000650043565000370050070000300053770000380056770000280060526610CO-ViMGA141112s2004 ck r 000 u spa d a9681670248 aCO-ViMGAbspacCO-ViMGA1 aBernard, Fred10aJesús Betz / cFred Bernard, Francois Roca ; traducción de Ghislaine Fortier - Durand y Juana Inés Dehesa aMéxico : bFondo de Cultura Económica a29 p / 37 cm aLos especiales de A la orilla del viento14aAMOR - - CUENTOS INFANTILES 14aCUENTOS INFANTILES 14aFELICIDAD - - CUENTOS INFANTILES14aNIÑOS CON DISCAPACIDADES FÍSICAS - - CUENTOS INFANTILES 14aTRISTEZA - - CUENTOS INFANTILES 1 aDehesa, Juana Inés, tr.1 aFortier - Durand, Ghislaine, tr. 1 aRoca, Francois, coaut.